000 00828nam a2200169 i 4500
001 155372
003 ES-MaACL
005 20230906210042.0
008 040720s1846 sp |||| | spa d
080 _a347.235(460)
100 1 _aHerrera Davila, Diego.
_9127926
245 1 0 _aDiscurso sobre si la ley de 11 de octubre de 1820, restablecida en 30 de agosto de 1836, hizo propietarios de los bienes de las vinculaciones civiles a los detentadores de estas /
_cpor el bachiller en jurisprudencia D. Diego Herrera Dávila.
260 _aSevilla :
_b[s.n.],
_c1846 (
_fImp. de Morales, Baron y compañía)
300 _a12 p. ;
_c19 cm.
650 4 _aPropiedad rústica-
_zEspaña.
_916497
852 4 _aES-MaACL
_jT-8-F-11
_z- Enc. hol., falto de cub. original
_z- Enc. en un vol. facticio
_z- Dedicatoria autógrafa del autor
999 _c155372
_d155372